[Event "Kuzbass-ch"]
[Site "Kemerovo"]
[Date "2007.12.20"]
[Round "7"]
[White "Eltsov, Roman"]
[Black "Siuniakov, Igor"]
[Result "1-0"]
[WhiteElo "2317"]
[BlackElo "2286"]
[PlyCount "77"]
[EventDate "2007.12.16"]
[EventType "swiss"]
[EventRounds "9"]
[EventCountry "RUS"]
[SourceTitle "CBM 122 Extra"]
[Source "ChessBase"]
[SourceDate "2008.03.04"]
[SourceVersion "1"]
[SourceVersionDate "2008.03.04"]
[SourceQuality "1"]

1. d4 Nf6 2. c4 g6 3. Nc3 Bg7 4. e4 0-0 5. f3 d6 6. Nge2 c5 7. d5 a6 8. Be3 e6 9. a4 exd5 10. cxd5 Nbd7 11. Ng3 h5 12. Be2 Ne5 13. 0-0 Nh7 14. h3 Qh4 15. Nh1 f5 16. f4 Nf7 17. Bd3 Re8 18. Qf3 fxe4 19. Bxe4 Bf5 20. Bf2 Bd4 21. Ng3 Nhg5 22. Qd3 Nxe4 23. Ncxe4 Qxf4 24. Bxd4 Bxe4 25. Nxe4 Qxe4 26. Qxe4 Rxe4 27. Bc3 Rae8 28. Rf6 g5 29. Raf1 R8e7 30. Rg6+ Kf8 31. Rxg5 h4 32. Rg6 Rxa4 33. Rxd6 Ke8 34. Rdf6 Rae4 35. R1f5 b5 36. Rxa6 b4 37. Bf6 Rb7 38. Re6+ Rxe6 39. dxe6 1-0

[Event "Sibiria Region-chT"]
[Site "Kemerovo"]
[Date "2007.12.12"]
[Round "6"]
[White "Eltsov, Roman"]
[Black "Pokazanjev, Nikolai"]
[Result "0-1"]
[WhiteElo "2317"]
[BlackElo "2425"]
[PlyCount "132"]
[EventDate "2007.12.07"]
[EventType "team-tourn"]
[EventRounds "7"]
[EventCountry "RUS"]
[SourceTitle "CBM 122 Extra"]
[Source "ChessBase"]
[SourceDate "2008.03.04"]
[SourceVersion "1"]
[SourceVersionDate "2008.03.04"]
[SourceQuality "1"]

1. d4 Nf6 2. c4 g6 3. Nc3 Bg7 4. e4 d6 5. f3 0-0 6. Nge2 Nbd7 7. Be3 e5 8. d5 Nh5 9. Qd2 f5 10. 0-0-0 a6 11. Kb1 Ndf6 12. exf5 gxf5 13. Bg5 Qe8 14. Ng3 Qg6 15. Bd3 Nxg3 16. hxg3 b5 17. Rh4 e4 18. fxe4 Nxe4 19. Nxe4 fxe4 20. Bxe4 Bf5 21. Bc2 Rab8 22. c5 dxc5 23. Be3 Qxg3 24. Bxf5 Rxf5 25. Rf4 Re5 26. Rf3 Qg6+ 27. Qc2 Qxc2+ 28. Kxc2 Rd8 29. Rg3 Kh8 30. Bf4 Re2+ 31. Rd2 Rxd2+ 32. Bxd2 Rxd5 33. Ra3 Bxb2 34. Rxa6 Be5 35. Ra5 c6 36. a4 bxa4 37. Rxa4 Kg7 38. Ra8 Rd6 39. Re8 Bd4 40. Bf4 Rg6 41. Re2 Kf6 42. Kd3 Rg7 43. g3 Rb7 44. Rh2 Kf5 45. Rh6 Rb3+ 46. Kc2 Rc3+ 47. Kd2 Ke4 48. Rxc6 Ra3 49. Kc2 Kd5 50. Rc7 Kc4 51. Rxh7 Ra2+ 52. Kb1 Rb2+ 53. Kc1 Kd3 54. g4 Rg2 55. Rh3+ Ke4 56. Rg3 Re2 57. Bd2 Be5 58. Rg1 Kd3 59. Re1 Bb2+ 60. Kxb2 Rxd2+ 61. Kc1 Rg2 62. Re5 c4 63. g5 Rg1+ 64. Kb2 c3+ 65. Kb3 Rb1+ 66. Ka2 c2 0-1

[Event "Sibiria Region-chT"]
[Site "Kemerovo"]
[Date "2007.12.09"]
[Round "3"]
[White "Eltsov, Roman"]
[Black "Kljucharev, Sergey"]
[Result "0-1"]
[WhiteElo "2317"]
[BlackElo "2349"]
[PlyCount "128"]
[EventDate "2007.12.07"]
[EventType "team-tourn"]
[EventRounds "7"]
[EventCountry "RUS"]
[SourceTitle "CBM 122 Extra"]
[Source "ChessBase"]
[SourceDate "2008.03.04"]
[SourceVersion "1"]
[SourceVersionDate "2008.03.04"]
[SourceQuality "1"]

1. c4 Nf6 2. Nc3 g6 3. g3 Bg7 4. Bg2 0-0 5. Rb1 a5 6. a3 c6 7. e4 d5 8. cxd5 cxd5 9. Nxd5 Nxd5 10. exd5 e6 11. Nh3 exd5 12. 0-0 Bf5 13. d3 Nc6 14. Nf4 Ne5 15. Re1 a4 16. h3 h5 17. b3 Qd7 18. Kh2 Rfe8 19. bxa4 Rxa4 20. Nxd5 Rd4 21. Rxb7 Qxb7 22. Nf6+ Bxf6 23. Bxb7 Rxd3 24. Qa4 Nf3+ 25. Bxf3 Rxe1 26. Be3 Ra1 27. Qc6 Be6 28. Be4 Rc3 29. Qa8+ Kg7 30. a4 h4 31. g4 Ra2 32. Bd5 Rb2 33. Kg1 Rc8 34. Qa5 Bc3 35. Bxe6 Bxa5 36. Bxc8 Bb6 37. Bxb6 Rxb6 38. Bd7 Rb3 39. Kg2 Kf6 40. Be8 Ra3 41. Bc6 Ke6 42. Bb5 f5 43. gxf5+ gxf5 44. Be8 f4 45. Bc6 Kd6 46. Bb7 Ke5 47. Bc6 Ke6 48. Bb7 Rxa4 49. Bc8+ Kf6 50. Kf3 Kg5 51. Bg4 Kf6 52. Bh5 Kf5 53. Bg4+ Kg6 54. Bd7 Rd4 55. Bg4 Kg5 56. Kg2 Rd3 57. Be2 Ra3 58. Bg4 Kf6 59. Bh5 Kf5 60. Bf3 Ke5 61. Bh5 Kd4 62. Bd1 Kd3 63. Bg4 Kd2 64. Bd7 f3+ 0-1

[Event "RUS-ch U26"]
[Site "Ufa"]
[Date "2004.05.12"]
[Round "8"]
[White "Sanatullin, Rinat"]
[Black "Eltsov, Roman"]
[Result "0-1"]
[WhiteElo "2130"]
[BlackElo "2313"]
[PlyCount "124"]
[EventDate "2004.05.??"]
[EventType "swiss"]
[EventRounds "9"]
[EventCountry "RUS"]
[SourceTitle "EXT 2005"]
[Source "ChessBase"]
[SourceDate "2004.11.15"]
[SourceVersion "1"]
[SourceVersionDate "2004.11.15"]
[SourceQuality "1"]

1. d4 Nf6 2. c4 c5 3. d5 b5 4. cxb5 a6 5. f3 g6 6. e4 d6 7. bxa6 Bg7 8. Nc3 0-0 9. Nge2 Bxa6 10. Ng3 Qb6 11. Bxa6 Nxa6 12. 0-0 Nd7 13. Kh1 Rfb8 14. Qe2 Qb4 15. Qc2 Ne5 16. Nge2 Nc4 17. Rb1 Rb7 18. b3 Na3 19. Bxa3 Qxa3 20. Qc1 Qa5 21. a4 Nc7 22. Qc2 Rab8 23. Nd1 Na8 24. Nec3 Nc7 25. Ne2 Na8 26. Nec3 Qa6 27. Ne3 Bxc3 28. Qxc3 Rb4 29. Rb2 Qb7 30. Rfb1 Nb6 31. Nd1 Qa6 32. Kg1 Rb7 33. Ne3 Nd7 34. Nc2 R4b6 35. Na3 Rb4 36. Nc2 Qa7 37. Kh1 R4b6 38. Na3 Rb4 39. Nc2 R4b6 40. Na3 Nf6 41. Nc4 Rb4 42. g3 Nd7 43. Kg2 Qa8 44. Kf2 Nb6 45. Nxb6 R7xb6 46. Ke2 Qc8 47. g4 Qf8 48. h4 Qh6 49. h5 Qf4 50. hxg6 fxg6 51. Qe3 Qe5 52. Kd2 Rb8 53. Kc2 Rf8 54. Rf1 Rd4 55. f4 Qxe4+ 56. Qxe4 Rxe4 57. a5 Ra8 58. g5 Rxa5 59. f5 gxf5 60. Rxf5 Kg7 61. Kc3 Re3+ 62. Kd2 Rg3 0-1

[Event "RUS-ch U26"]
[Site "Ufa"]
[Date "2004.05.07"]
[Round "3"]
[White "Eltsov, Roman"]
[Black "Baikova, Irina"]
[Result "1-0"]
[WhiteElo "2313"]
[BlackElo "2039"]
[PlyCount "63"]
[EventDate "2004.05.??"]
[EventType "swiss"]
[EventRounds "9"]
[EventCountry "RUS"]
[SourceTitle "EXT 2005"]
[Source "ChessBase"]
[SourceDate "2004.11.15"]
[SourceVersion "1"]
[SourceVersionDate "2004.11.15"]
[SourceQuality "1"]

1. d4 d5 2. c4 c6 3. Nf3 Nf6 4. Nc3 Bf5 5. Qb3 Bc8 6. Bg5 e6 7. e3 Bd6 8. Bd3 Nbd7 9. 0-0 0-0 10. Rfe1 dxc4 11. Bxc4 e5 12. Rad1 Qe7 13. Ne4 Bc7 14. h3 h6 15. Bh4 Kh8 16. dxe5 Nxe5 17. Nxe5 Qxe5 18. Bg3 Qxe4 19. Bxc7 Qg6 20. Kh2 Qh5 21. Bd6 Rd8 22. Bxf7 Qf5 23. Bg3 Nd5 24. Bxd5 Rxd5 25. e4 Rxd1 26. Rxd1 Qf8 27. Rd6 Qe7 28. f3 c5 29. Qd5 a6 30. Rd8+ Kh7 31. Qg8+ Kg6 32. Rxc8 1-0

[Event "Capital of Sibiria op"]
[Site "Novosibirsk"]
[Date "2002.07.25"]
[Round "7"]
[White "Eltsov, Roman"]
[Black "Salinnikov, Denis Y"]
[Result "1-0"]
[WhiteElo "2242"]
[BlackElo "2327"]
[PlyCount "117"]
[EventDate "2002.07.19"]
[EventType "swiss"]
[EventRounds "9"]
[EventCountry "RUS"]
[SourceTitle "CBM 089 Extra"]
[Source "ChessBase"]
[SourceDate "2002.09.10"]
[SourceVersion "2"]
[SourceVersionDate "2002.09.10"]
[SourceQuality "1"]

1. d4 Nf6 2. c4 g6 3. Nc3 Bg7 4. e4 0-0 5. f3 d6 6. Be3 Nbd7 7. Nge2 c5 8. d5 Ne5 9. Ng3 e6 10. Be2 exd5 11. cxd5 a6 12. a4 Bd7 13. h3 b5 14. 0-0 Nc4 15. Bxc4 bxc4 16. Qe2 Rb8 17. Qxc4 Rxb2 18. Rfb1 Rxb1+ 19. Rxb1 Nh5 20. Nxh5 gxh5 21. Rb7 Bc8 22. Rb3 Qh4 23. Bf2 Qg5 24. h4 Qc1+ 25. Qf1 Qc2 26. Qd1 Qxd1+ 27. Nxd1 Bd7 28. Rb6 Bxa4 29. Ne3 Bb5 30. Nf5 Be5 31. g3 c4 32. f4 Bb2 33. Nxd6 c3 34. Nxb5 axb5 35. Bd4 Ba3 36. Rc6 b4 37. Kg2 Rb8 38. d6 c2 39. Rxc2 b3 40. Rd2 b2 41. Bxb2 Bxb2 42. Rd5 Ba3 43. e5 Kf8 44. Kf3 Rb3+ 45. Ke4 Ke8 46. Ra5 Rxg3 47. Ra8+ Kd7 48. Ra7+ Ke8 49. Kf5 Bc1 50. Ra8+ Kd7 51. Rf8 Rg7 52. Ke4 Ba3 53. Kd5 h6 54. f5 Bxd6 55. exd6 Rg4 56. Rxf7+ Kd8 57. Rh7 Rf4 58. Ke6 Re4+ 59. Kf6 1-0

[Event "RUS-ch Schools"]
[Site "Novokuznetsk"]
[Date "2001.??.??"]
[Round "3"]
[White "Eltsov, Roman"]
[Black "Sitnikov, Dmitrij"]
[Result "0-1"]
[WhiteElo "2286"]
[BlackElo "2378"]
[PlyCount "70"]
[EventDate "2001.10.??"]
[EventType "swiss"]
[EventRounds "9"]
[EventCountry "RUS"]
[SourceTitle "CBM 085 Extra"]
[Source "ChessBase"]
[SourceDate "2002.01.21"]
[SourceVersion "1"]
[SourceVersionDate "2002.01.21"]
[SourceQuality "1"]

1. d4 d5 2. c4 c6 3. Nf3 Nf6 4. Nc3 e6 5. Bg5 h6 6. Bxf6 Qxf6 7. a3 Nd7 8. e4 dxe4 9. Nxe4 Qf4 10. Bd3 g6 11. c5 Be7 12. 0-0 0-0 13. Qc2 Rd8 14. Rfe1 Qc7 15. Nd6 Nf8 16. Nc4 Bd7 17. b4 Be8 18. Nce5 Kg7 19. a4 b6 20. Qc3 bxc5 21. bxc5 f6 22. Nc4 g5 23. h3 Qd7 24. Red1 Ng6 25. Ne3 Nf4 26. Bf1 Bh5 27. Ng4 Rab8 28. Rab1 Bg6 29. Rb2 Rxb2 30. Qxb2 Qc7 31. g3 Rb8 32. Qd2 Rb3 33. Ne1 Nd5 34. Bc4 Ra3 35. Bxd5 exd5 0-1

[Event "RUS-chJ U18"]
[Site "Russia"]
[Date "2000.??.??"]
[Round "?"]
[White "Eltsov, Roman"]
[Black "Timagin, Piotr"]
[Result "1-0"]
[WhiteElo "2170"]
[BlackElo "2283"]
[PlyCount "97"]
[EventDate "2000.??.??"]
[EventType "swiss"]
[EventRounds "11"]
[EventCountry "RUS"]
[SourceTitle "EXT 2001"]
[Source "ChessBase"]
[SourceDate "2000.11.22"]
[SourceVersion "1"]
[SourceVersionDate "2000.11.22"]
[SourceQuality "1"]

1. d4 g6 2. c4 Nf6 3. Nc3 Bg7 4. e4 0-0 5. f3 c5 6. d5 d6 7. Bg5 h6 8. Be3 e6 9. Nge2 exd5 10. cxd5 Nbd7 11. Ng3 Ne5 12. Be2 h5 13. 0-0 Nh7 14. h3 h4 15. Nh1 f5 16. Qd2 Qf6 17. f4 Nf7 18. Nf2 Bd7 19. a4 Qe7 20. Bd3 fxe4 21. Nfxe4 Nh6 22. Rae1 Nf5 23. Bf2 Qd8 24. Qc2 Rc8 25. Qb1 Bh6 26. Qc1 a6 27. Qd2 Rb8 28. Ra1 b5 29. axb5 axb5 30. Ra6 c4 31. Bc2 b4 32. Ne2 Bb5 33. Ra7 Bg7 34. Bb1 Qe8 35. Re1 Rf7 36. Nxd6 Nxd6 37. Bxg6 Qf8 38. Bxf7+ Nxf7 39. Nd4 c3 40. bxc3 Qc5 41. Nc6 bxc3 42. Qc2 Qd6 43. Nxb8 Qxb8 44. Rxf7 Kxf7 45. Qxh7 Qxf4 46. Bxh4 Kf8 47. Bf2 Qb4 48. d6 Bd4 49. Qf5+ 1-0

[Event "RUS-chJ U18"]
[Site "Russia"]
[Date "2000.??.??"]
[Round "?"]
[White "Eltsov, Roman"]
[Black "Tokarev, Ilya"]
[Result "0-1"]
[WhiteElo "2170"]
[BlackElo "2320"]
[PlyCount "88"]
[EventDate "2000.??.??"]
[EventType "swiss"]
[EventRounds "11"]
[EventCountry "RUS"]
[SourceTitle "EXT 2001"]
[Source "ChessBase"]
[SourceDate "2000.11.22"]
[SourceVersion "1"]
[SourceVersionDate "2000.11.22"]
[SourceQuality "1"]

1. d4 Nf6 2. c4 g6 3. Nc3 Bg7 4. e4 d6 5. f3 0-0 6. Be3 c5 7. Nge2 Nc6 8. Qd2 e6 9. d5 Ne5 10. Nc1 exd5 11. cxd5 a6 12. a4 Bd7 13. Be2 b5 14. axb5 axb5 15. Rxa8 Qxa8 16. Nxb5 Bxb5 17. Bxb5 Rb8 18. Be2 Qa1 19. 0-0 Rxb2 20. Qd1 Qa3 21. Bf2 Bh6 22. g3 Bxc1 23. Qxc1 Qa2 24. Qg5 Kg7 25. Bd1 h6 26. Qe3 Nc4 27. Qf4 g5 28. Qc1 Nd2 29. Re1 Ndxe4 30. Qxb2 Qxb2 31. fxe4 Nd7 32. Bf3 Ne5 33. Bg2 Kg6 34. Rd1 Qe2 35. Re1 Qd2 36. Ra1 Nd3 37. Rf1 Qe2 38. Bh1 Nxf2 39. Rxf2 Qe1+ 40. Rf1 Qe3+ 41. Rf2 c4 42. Bf3 c3 43. Bd1 Qe1+ 44. Rf1 Qd2 0-1